| 000 | 01630nam a2200325 a 4500 | ||
|---|---|---|---|
| 005 | 20240305165351.0 | ||
| 007 | cr|||| |||| | ||
| 008 | 060330s2005 sp |||||| o000 ||spa|c | ||
| 020 | _a8483203316 (Ministerio de Medio Ambiente) | ||
| 020 | _a8473512464 (INAP) | ||
| 035 | _a6082 | ||
| 040 | _dvLex | ||
| 090 |
_c2827 _d2827 |
||
| 245 | 0 | 0 |
_aDerecho al conocimiento y acceso a la información en las políticas de medio ambiente _h[Recurso electrónico] / _cdirector-coordinador: Antonio Magariños Compaired |
| 256 | _aServicio en línea | ||
| 260 |
_aMadrid : _bMinisterio de Medio Ambiente : _bInstituto Nacional de Administración Pública, _c2005 |
||
| 300 | _a1 recurso electrónico | ||
| 490 | 1 | _aEstudios y documentos | |
| 506 | 1 |
_aContenido solo disponible en los productos indicados _dvLex Global _dvLex Global (Academic Edition, excluding Law Schools) _dvLex Global (U.S. Academic Edition, Law Schools) _dvLex Global (U.S. Academic Edition, excluding Law Schools) _dvLex Global (Academic Edition, Law Schools) |
|
| 650 | 0 | 4 |
_aLibertad de información _xLegislación _zEspaña |
| 650 | 0 | 4 |
_aMedio ambiente _xProtección _xLegislación |
| 650 | 0 | 4 | _aInformación ambiental |
| 700 | 1 | _aMagariños Compaired, Antonio | |
| 710 | 1 |
_aEspaña. _bMinisterio de Medio Ambiente |
|
| 710 | 1 | _aInstituto Nacional de Administración Pública (España) | |
| 740 | 0 | _avLex Libros (Servicio en línea) | |
| 830 | 0 | _aEstudios y documentos (España. Ministerio de Medio Ambiente) | |
| 856 | 4 | 0 | _uhttps://app.vlex.com/#/sources/derecho-conocimiento-y-acceso-informacion-politicas-medio-ambiente-6082 |
| 942 | _cRAA | ||
| 999 |
_c161246 _d161246 |
||